000 01081nam a2200277 i 4500
001 bg
245 0 0 _aStan czystości rzek, jezior i Bałtyku :
_bna podstawie wyników badań wykonywanych w ramach państwowego monitoringu środowiska w latach 1997-1998 /
_caut. Anna Bożek [et al.] ; Państwowa Inspekcja Ochrony Środowiska.
260 _aWarszawa :
_bPIOŚ,
_c1999.
300 _a152 s. :
_bmapy, wykr. kolor. ;
_c24 cm.
490 1 _aBiblioteka Monitoringu Środowiska
504 _aBibliogr. s. 149-150.
650 9 _aJeziora
_xhigiena
_zPolska
_yod 1989 r.
650 9 _aRzeki
_xhigiena
_zPolska
_yod 1989 r.
650 9 _aŚrodowisko człowieka
_xhigiena i ochrona
_zPolska
_yod 1989 r.
651 9 _aBałtyk
_xhigiena
_yod 1989 r.
700 1 _aBOŻEK, Anna
710 0 _aPaństwowa Inspekcja Ochrony Środowiska (Warszawa)
830 _aBiblioteka Monitoringu Środowiska
020 _a837218086X
040 _cBPK
041 0 _apl
080 _a504.4.064.3(438)"1989/..."
920 _a83-7218-086-X
942 _cKS
008 s pl f |000 0 pol
999 _c36621
_d36621
856 _uhttp://koha.tu.koszalin.pl/cgi-bin/koha/opac-detail.pl?biblionumber=36621
_yKatalog online BPK